[Event "Frankfurter Stadtmeisterschaft 2026 A"]
[Site "Frankfurt am Main"]
[Date "2026.05.18"]
[Round "4.37"]
[White "Piacentino, Mirco"]
[Black "Zeyen, Helmut"]
[Result "0-1"]
[WhiteElo "1673"]
[BlackElo "1822"]
[PlyCount "178"]
[GameId "2309018967916590"]
[EventDate "2026.04.27"]
[WhiteTeam "SV 1934 Ffm-Griesheim"]
[BlackTeam "Wiesbadener SV 1885"]

1. e4 d5 2. exd5 Nf6 3. Bb5+ Bd7 4. Bc4 b5 5. Bb3 a5 6. a3 Bg4 7. f3 Bc8 8. Nc3 a4 9. Ba2 Ba6 10. d4 Nbd7 11. Nge2 Nb6 12. Nf4 g5 13. Nd3 Nbxd5 14. Nxb5 Bxb5 15. c4 Bc6 16. cxd5 Bxd5 17. Bxd5 Qxd5 18. Nb4 Qe6+ 19. Qe2 Qxe2+ 20. Kxe2 h6 21. Bd2 e6 22. Rac1 Bd6 23. g4 Kd7 24. Bc3 Nd5 25. Nd3 Nf4+ 26. Nxf4 gxf4 27. Kd3 f6 28. Ke4 h5 29. d5 hxg4 30. dxe6+ Kxe6 31. fxg4 Rh3 32. Bd4 Ra5 33. Rc3 Rh4 34. h3 Rg5 35. Kf3 Rd5 36. Rc4 c5 37. Bf2 Rd3+ 38. Ke2 Rdxh3 39. Rxh3 Rxh3 40. Rxa4 Rb3 41. Ra6 Rxb2+ 42. Kf3 Kd5 43. Bh4 Rb3+ 44. Kf2 Be5 45. Bxf6 Ke4 46. Ra4+ Kd5 47. g5 Rb2+ 48. Kf3 Rb3+ 49. Kf2 Ke6 50. Bxe5 Kxe5 51. g6 Rg3 52. Rc4 Kd5 53. Rxf4 Rxg6 54. a4 Re6 55. Rf5+ Kc4 56. a5 Kb4 57. a6 Rxa6 58. Ke2 Rd6 59. Rf3 c4 60. Rf8 c3 61. Rb8+ Ka3 62. Ra8+ Kb2 63. Rb8+ Kc2 64. Rc8 Re6+ 65. Kf1 Rb6 66. Ke2 Kb2 67. Kd3 Rd6+ 68. Ke2 Kc2 69. Rc4 Rd2+ 70. Ke1 Rh2 71. Rc8 Rh3 72. Rc7 Kc1 73. Rc8 Rd3 74. Ke2 Rd2+ 75. Ke1 Rc2 76. Rc7 Kb2 77. Kd1 Rc1+ 78. Ke2 Rc2+ 79. Kd1 Rc1+ 80. Ke2 Kc2 81. Rc8 Rh1 82. Rc7 Rh2+ 83. Ke1 Rh3 84. Ke2 Kc1 85. Ke1 c2 86. Rc8 Kb2 87. Rb8+ Rb3 88. Rxb3+ Kxb3 89. Kd2 Kb2 0-1

[Event "Frankfurter Stadtmeisterschaft 2026 A"]
[Site "Frankfurt am Main"]
[Date "2026.05.18"]
[Round "4.38"]
[White "Rauscher, Joachim"]
[Black "Manasek, Martin"]
[Result "1/2-1/2"]
[WhiteElo "1761"]
[BlackElo "1641"]
[PlyCount "118"]
[GameId "2309018967916591"]
[EventDate "2026.04.27"]
[WhiteTeam "SC Brett vorm Kopp Ffm"]
[BlackTeam "SC Flörsheim 1921"]

1. e4 c6 2. d4 d5 3. Nc3 dxe4 4. Nxe4 Nf6 5. Nxf6+ exf6 6. c3 Bd6 7. Bd3 O-O 8. Ne2 Re8 9. O-O Bg4 10. h3 Bh5 11. Be3 Qc7 12. Re1 Nd7 13. Qc2 Bg6 14. Rad1 Rad8 15. b3 b6 16. Bxg6 hxg6 17. Qc1 c5 18. c4 g5 19. Nc3 Bf4 20. Nd5 Bxe3 21. Nxc7 Bxc1 22. Rxe8+ Rxe8 23. Nxe8 Ba3 24. Nc7 cxd4 25. Nb5 Bc5 26. Nxd4 Ne5 27. Nc2 a5 28. a3 g4 29. b4 axb4 30. axb4 Be7 31. Ne3 gxh3 32. gxh3 Bxb4 33. Kg2 g6 34. f4 Nc6 35. Nd5 Bc5 36. Nxf6+ Kg7 37. Nd7 Bd4 38. Kf3 f5 39. Rb1 Na5 40. Nxb6 Bxb6 41. Rxb6 Nxc4 42. Ra6 Nd2+ 43. Kg3 Ne4+ 44. Kh4 Kh6 45. Ra7 Nf6 46. Kg3 Ne4+ 47. Kf3 Nf6 48. Rf7 Nh5 49. h4 Ng7 50. Ke3 Nh5 51. Ra7 Nf6 52. Ra6 Nh5 53. Ra1 Nf6 54. Kd4 Ng4 55. Kd5 Kh5 56. Ra6 Ne3+ 57. Ke6 Ng2 58. Kf7 Nxh4 59. Ra4 Kg4 1/2-1/2

[Event "Frankfurter Stadtmeisterschaft 2026 A"]
[Site "Frankfurt am Main"]
[Date "2026.05.18"]
[Round "4.39"]
[White "Wöhl, Torsten"]
[Black "Brauch, Manfred"]
[Result "1-0"]
[WhiteElo "1636"]
[BlackElo "1799"]
[PlyCount "33"]
[GameId "2309018967916592"]
[EventDate "2026.04.27"]
[WhiteTeam "SC Groß-Zimmern"]
[BlackTeam "Wiesbadener SV 1885"]

1. d4 f5 2. Bf4 d6 3. Nd2 Nf6 4. e3 g6 5. Ngf3 Bg7 6. c3 O-O 7. Ng5 Qe8 8. Bc4+ e6 9. Qb3 d5 10. Be2 b6 11. Bxc7 Qd7 12. Bg3 Bb7 13. Ngf3 Nc6 14. Bb5 Qe7 15. Bxc6 Bxc6 16. Ne5 Bb7 17. Ndf3 1-0

[Event "Frankfurter Stadtmeisterschaft 2026 A"]
[Site "Frankfurt am Main"]
[Date "2026.05.18"]
[Round "4.40"]
[White "Dohmes, Swidbert"]
[Black "Biedermann, Andreas"]
[Result "1/2-1/2"]
[WhiteElo "1808"]
[BlackElo "1493"]
[PlyCount "41"]
[GameId "2309018967916593"]
[EventDate "2026.04.27"]
[WhiteTeam "SV 1920 Hofheim"]
[BlackTeam "SAbt SU Mühlheim"]

1. e4 d5 2. exd5 Qxd5 3. Nc3 Qa5 4. d4 Nf6 5. Bd2 Bf5 6. Nf3 e6 7. Be2 Bb4 8. a3 Bxc3 9. Bxc3 Qb6 10. O-O Nc6 11. Ne5 Nxe5 12. dxe5 Rd8 13. Qe1 Ne4 14. Bd3 Nxc3 15. Qxc3 Bxd3 16. cxd3 O-O 17. Kh1 c6 18. f4 Qd4 19. Rad1 Rd5 20. Qb3 Rb5 21. Qc3 1/2-1/2

[Event "Frankfurter Stadtmeisterschaft 2026 A"]
[Site "Frankfurt am Main"]
[Date "2026.05.18"]
[Round "4.41"]
[White "Cichon, Jörg"]
[Black "Kuckel, Michael"]
[Result "0-1"]
[WhiteElo "1726"]
[BlackElo "1719"]
[PlyCount "34"]
[GameId "2309018967916594"]
[EventDate "2026.04.27"]
[WhiteTeam "Sfr.Mainz 1928"]
[BlackTeam "SC Matt im Park Ffm"]

1. e4 c6 2. d4 d5 3. Nd2 dxe4 4. Nxe4 Bf5 5. Ng3 Bg6 6. Nh3 Nf6 7. Nf4 Nbd7 8. Bc4 Nb6 9. Bb3 Nbd5 10. c3 e6 11. Bc2 Bxc2 12. Qxc2 Bd6 13. Nfe2 Qc7 14. Bg5 Be7 15. Ne4 Nxe4 16. Bxe7 Nxf2 17. Rf1 Ne3 0-1

[Event "Frankfurter Stadtmeisterschaft 2026 A"]
[Site "Frankfurt am Main"]
[Date "2026.05.18"]
[Round "4.44"]
[White "Ghaznavi, Massoud"]
[Black "Hudobec, Nicolas"]
[Result "1-0"]
[WhiteElo "1677"]
[BlackElo "1801"]
[PlyCount "75"]
[GameId "2309018967916597"]
[EventDate "2026.04.27"]
[WhiteTeam "SV Oberursel"]
[BlackTeam "SC Eschbach im Usinger Land"]

1. d4 Nf6 2. Nc3 g6 3. e4 d6 4. Bg5 Bg7 5. Bd3 O-O 6. Nf3 Nbd7 7. O-O e5 8. d5 Nc5 9. Qd2 Bg4 10. Ne1 Nxd3 11. cxd3 Rc8 12. Rc1 Qe8 13. h3 Bd7 14. f4 exf4 15. Rxf4 Nh5 16. Rf3 Bd4+ 17. Kh1 Qe5 18. g4 f6 19. Bh6 Ng7 20. Bf4 Qe7 21. Ne2 Be5 22. Bh6 g5 23. d4 Bf4 24. Nxf4 Qxe4 25. Bxg7 Kxg7 26. Nh5+ Kg6 27. Qd3 Qxd3 28. Nxd3 f5 29. Rcf1 f4 30. Re1 Rce8 31. Kg2 Rxe1 32. Nxe1 Re8 33. Kf2 Re4 34. Rd3 Bb5 35. Rd2 Re3 36. Nf3 Bd3 37. Ng3 Rxf3+ 38. Kxf3 1-0

[Event "Frankfurter Stadtmeisterschaft 2026 A"]
[Site "Frankfurt am Main"]
[Date "2026.05.18"]
[Round "4.45"]
[White "Grünzig, Matthias"]
[Black "Müller, Jens"]
[Result "0-1"]
[WhiteElo "1687"]
[BlackElo "1679"]
[PlyCount "96"]
[GameId "2309018967916598"]
[EventDate "2026.04.27"]
[WhiteTeam "FV Berkersheim"]
[BlackTeam "SV 1920 Hofheim"]

1. d4 d5 2. Bf4 Nf6 3. e3 e6 4. c3 Bd6 5. Ne2 O-O 6. Nd2 b6 7. Nf3 Bb7 8. Bxd6 Qxd6 9. Nf4 Nbd7 10. Nd3 c5 11. Be2 Ne4 12. O-O Ndf6 13. Nde5 cxd4 14. exd4 Qc7 15. Re1 Nd6 16. Nd2 Nfe4 17. Bd3 f5 18. Qe2 Qe7 19. Ba6 Bxa6 20. Qxa6 Nxd2 21. f3 N2c4 22. Nc6 Qd7 23. Ne5 Nxe5 24. Rxe5 Nc4 25. Re2 Rf6 26. Rae1 Nd6 27. Kf2 Kf7 28. Qd3 Qb5 29. Qd2 Nc4 30. Qc1 Qd7 31. h3 Qc7 32. Qg5 Rg6 33. Qxg6+ hxg6 34. Rxe6 Qf4 35. g3 Qd2+ 36. R6e2 Qd3 37. h4 Nd6 38. Re7+ Kf8 39. Rd7 Re8 40. Rxe8+ Nxe8 41. Rxa7 Qc2+ 42. Ke3 Qxb2 43. Kd3 Qf2 44. Rb7 Qxf3+ 45. Kc2 Qxg3 46. Rxb6 f4 47. Re6 Qg2+ 48. Kd3 Qh3+ 0-1

[Event "Frankfurter Stadtmeisterschaft 2026 A"]
[Site "Frankfurt am Main"]
[Date "2026.05.18"]
[Round "4.46"]
[White "Hebauf, Markus"]
[Black "Münstermann, Matthias"]
[Result "0-1"]
[WhiteElo "1642"]
[BlackElo "1765"]
[PlyCount "94"]
[GameId "2309018967916599"]
[EventDate "2026.04.27"]
[WhiteTeam "Sfr.1932 Kelkheim"]
[BlackTeam "SK Langen"]

1. d4 Nf6 2. c4 g6 3. Nc3 d5 4. Nf3 Bg7 5. cxd5 Nxd5 6. e4 Nxc3 7. bxc3 c5 8. Bb5+ Nc6 9. O-O Bg4 10. Qa4 Bd7 11. d5 Nb8 12. Rb1 b6 13. e5 Bxb5 14. Qxb5+ Qd7 15. Qxd7+ Nxd7 16. Bf4 O-O 17. c4 h6 18. Rbd1 g5 19. Bg3 g4 20. e6 gxf3 21. exd7 Rad8 22. d6 e5 23. Rfe1 Rxd7 24. gxf3 Rfd8 25. Bxe5 Bxe5 26. Rxe5 Rxd6 27. Rxd6 Rxd6 28. Re8+ Kg7 29. Re7 Rd4 30. Re4 Rd2 31. a3 Ra2 32. Re3 Rc2 33. Re4 Rc3 34. Re3 Rxc4 35. Kf1 Ra4 36. Ke2 b5 37. Kd2 b4 38. axb4 cxb4 39. Re4 a5 40. Rg4+ Kf8 41. Rh4 Ra2+ 42. Ke3 b3 43. Rxh6 a4 44. Rb6 b2 45. f4 Ra3+ 46. Kd2 Rb3 47. Rxb3 axb3 0-1